First Ten States After the 13 Colonies - Statistics

General Stats
  • This quiz has been taken 197 times
  • The average score is 8 of 10
Answer Stats
Hint Answer % Correct
1803 Ohio
93%
1792 Kentucky
92%
1819 Alabama
85%
1796 Tennessee
85%
1818 Illinois
84%
1816 Indiana
84%
1817 Mississippi
81%
1791 Vermont
81%
1820 Maine
80%
1812 Louisiana
75%
No matching quizzes found
Score Distribution
Percent of People with Each Score
Percentile by Number Answered
Your Score History
You have not taken this quiz